La Estructura social ante la globalización: procesos de reordenamiento social en Centroamérica durante la década de los 90 /
Đã lưu trong:
| Tác giả chính: | |
|---|---|
| Tác giả khác: | , , |
| Định dạng: | Texto |
| Được phát hành: |
San José:
FLACSO
|
| Những chủ đề: | |
| Các nhãn: |
Thêm thẻ
Không có thẻ, Là người đầu tiên thẻ bản ghi này!
|
MARC
| LEADER | 00000 a a2200000 04500 | ||
|---|---|---|---|
| 001 | 31035 | ||
| 003 | |||
| 040 | |||
| 020 | |a 9977-68-130-9 | ||
| 022 | |a 9977-68-130-9 | ||
| 090 | |a 0004 P438e | ||
| 100 | |a Pérez Sáinz, Juan Pablo | ||
| 245 | |a La Estructura social ante la globalización: procesos de reordenamiento social en Centroamérica durante la década de los 90 / |c Juan Pablo Pérez Sáinz | ||
| 260 | |a San José: |b FLACSO | ||
| 300 | |a 169 p. | ||
| 650 | |a ANALISIS HISTORICO | ||
| 650 | |a DESARROLLO SOCIAL Y ECONOMICO | ||
| 650 | |a SISTEMAS ECONOMICOS | ||
| 650 | |a CLASIFICACION DEL EMPLEO | ||
| 650 | |a SECTORES DE LA ECONOMIA | ||
| 650 | |a CAMBIO SOCIAL | ||
| 650 | |a DESIGUALDAD SOCIAL | ||
| 700 | |a Andrade - Eekhoff, Katharine | ||
| 700 | |a Bastos, Santiago | ||
| 700 | |a Herradora, Michael | ||
| 999 | |c 16987 |d 16987 | ||



